000
00333pab a2200145 454500
008
180718b1998 xxu||||| |||| 00| 0 eng d
100
_a
Vombatkere, S.G.
245
_a
Weapons of mass destitution
260
_c
1998
300
_a
p.17-18
362
_a
27 Jun
650
_a
Nuclear weapons
773
_a
Mainstream
909
_a
38230
999
_c
38230
_d
38230